[Event "Nordisk Mesterskab Ungdom U17 2026"]
[Site "Fredericia"]
[Date "2026.02.15"]
[Round "6.4"]
[White "Briem, Gudrun Fanney"]
[Black "Asikainen, Eeli"]
[Result "1/2-1/2"]
[WhiteElo "2004"]
[BlackElo "2138"]
[WhiteFideId "2317486"]
[BlackFideId "515990"]
[EventDate "2026.02.13"]
[EventType "swiss"]
[EventRounds "6"]
[EventCountry "DEN"]
[SourceTitle "Live v. Fredericia Chess Club"]

1. e4 e5 2. Nf3 Nc6 3. d4 exd4 4. Nxd4 Nf6 5. Nxc6 bxc6 6. e5 Qe7 7. Qe2 Nd5 8. c4 Nb6 9. g3 Qe6 10. Nd2 Ba6 11. a3 Be7 12. Qe4 O-O 13. Bd3 f5 14. exf6 Rxf6 15. O-O Qxe4 16. Nxe4 Rff8 17. Rd1 d5 18. cxd5 Bxd3 19. Rxd3 cxd5 20. Nc3 c6 21. Nd1 Nc4 22. Kg2 Bf6 23. Ra2 Rab8 24. Bf4 Nxb2 25. Bxb8 Nxd3 26. Bxa7 Ra8 27. Bb6 Ra6 28. Bc7 c5 29. Ne3 d4 30. Nd5 c4 31. Kf3 c3 32. Nxf6+ gxf6 33. Ke4 Nb4 34. Ra1 d3 35. axb4 Rxa1 36. Kxd3 Rb1 37. Ba5 Rb3 38. Kc2 Ra3 39. Bb6 Kf7 40. Bd4 Ke6 41. Bxc3 Kd5 42. Kb2 Ra6 43. Kb3 Re6 44. Bd2 Kc6 45. Kc4 Re4+ 46. Kd3 f5 47. f3 Re6 48. h4 Kd5 49. g4 fxg4 50. fxg4 Re4 51. h5 Rxg4 52. h6 Rg6 53. Be3 Kc6 54. Kc4 Rg4+ 55. Kc3 Rh4 56. Bd2 Kd5 57. Kd3 Rh5 58. Ke2 Ke4 59. b5 Rxb5 60. Bc3 Rc5 61. Bg7 Rc2+ 62. Kf1 Ke3 63. Kg1 Kf3 64. Bf8 Rd2 65. Bg7 Rf2 66. Bh8 Re2 67. Bg7 Kg3 68. Bc3 Re6 69. Bd2 Rd6 70. Be1+ Kf3 71. Bc3 Rxh6 72. Be5 Re6 73. Bb8 h5 74. Kh1 Re4 75. Bc7 Rc4 76. Bd6 Rc2 77. Bh2 Kf2 78. Bg1+ Kg3 79. Bb6 h4 80. Bd4 Rc1+ 81. Bg1 Rc6 82. Bd4 Re6 83. Ba7 Re2 84. Bb8+ Kh3 85. Ba7 Rh2+ 86. Kg1 Ra2 87. Bd4 Rd2 88. Be5 Rd1+ 89. Kf2 Rd5 90. Bb8 Rg5 91. Bc7 Rg3 92. Bb6 Rc3 93. Bd4 Rc2+ 94. Kg1 Rc1+ 95. Kf2 Kh2 96. Be5+ Kh1 97. Bf4 Rc2+ 98. Kf1 h3 99. Be3 Rc7 100. Kf2 Rg7 101. Bb6 h2 102. Kf3 Rb7 103. Bc5 Rb3+ 104. Kf2 Rc3 105. Bb6 Rc2+ 106. Kf3 Rb2 107. Bc5 Rb5 108. Ba7 Rf5+ 109. Kg3 Rf7 1/2-1/2

[Event "Nordisk Mesterskab Ungdom U17 2026"]
[Site "Fredericia"]
[Date "2026.02.15"]
[Round "6.5"]
[White "Jamil, Emil Jacobsen"]
[Black "Valpas, Jami"]
[Result "0-1"]
[WhiteElo "1789"]
[BlackElo "2112"]
[WhiteFideId "7204183"]
[BlackFideId "517046"]
[EventDate "2026.02.13"]
[EventType "swiss"]
[EventRounds "6"]
[EventCountry "DEN"]
[SourceTitle "Live v. Fredericia Chess Club"]

1. c4 e5 2. g3 Nf6 3. Bg2 Bc5 4. Nc3 Nc6 5. e3 d5 6. cxd5 Nb4 7. d3 Nbxd5 8. a3 O-O 9. Nge2 c6 10. O-O Re8 11. b4 Bb6 12. Na4 Bg4 13. h3 Bh5 14. Qc2 Bc7 15. Bb2 Nd7 16. Rac1 Rc8 17. e4 N5b6 18. Nac3 Nf8 19. f4 exf4 20. Nxf4 Bg6 21. Nce2 Qe7 22. Rce1 Rcd8 23. Nxg6 Nxg6 24. d4 Qe6 25. Rd1 Qc4 26. Rc1 Qxc2 27. Rxc2 Rd7 28. Rfc1 Bb8 29. Kf2 f6 30. Re1 Red8 31. Nc1 Na4 32. Ba1 Nf8 33. Nb3 Ne6 34. Rd1 Nc7 35. Nc5 Nxc5 36. bxc5 Nb5 37. d5 Nxa3 38. Re2 Be5 39. h4 Nb5 40. Rc2 Bxa1 41. Rxa1 Re7 42. Re1 Rde8 43. Rcc1 Kf8 44. d6 Re5 45. d7 Rd8 46. Bh3 Ke7 47. Ke3 a5 48. Red1 a4 49. Kd3 a3 50. Re1 Ra8 51. Red1 Kd8 52. Kc2 Rxc5+ 53. Kb3 Rxc1 54. Rxc1 a2 55. Kb2 Nd4 56. Ra1 Nf3 57. Be6 Ne5 0-1

[Event "Nordisk Mesterskab Ungdom U17 2026"]
[Site "Fredericia"]
[Date "2026.02.15"]
[Round "6.6"]
[White "Normann Topp, Xavi"]
[Black "Tripathi, Pratyush"]
[Result "0-1"]
[WhiteElo "1833"]
[BlackElo "2062"]
[WhiteFideId "1476106"]
[BlackFideId "1763121"]
[EventDate "2026.02.13"]
[EventType "swiss"]
[EventRounds "6"]
[EventCountry "DEN"]
[SourceTitle "Live v. Fredericia Chess Club"]

1. c4 a6 2. g3 e6 3. b3 Nf6 4. Bg2 d5 5. Nf3 Be7 6. O-O O-O 7. Bb2 b6 8. d4 Bb7 9. e3 Nbd7 10. Nbd2 c5 11. Rc1 Rc8 12. dxc5 bxc5 13. cxd5 exd5 14. Qe2 Re8 15. Rfd1 Bf8 16. Qf1 Qb6 17. Rc2 a5 18. Ne1 Ba6 19. Nd3 c4 20. bxc4 dxc4 21. Bd4 Qd6 22. Nb2 c3 23. Nbc4 Qc7 24. Rxc3 Bb4 25. Rc2 Bxd2 26. Rdxd2 Bxc4 27. Qc1 Ng4 28. Bf1 Nde5 29. Be2 Qc6 30. Bxe5 Nxe5 31. Rd4 Qa8 32. Rdxc4 Rxc4 33. Bxc4 Nf3+ 34. Kf1 Nxh2+ 35. Ke1 Nf3+ 36. Ke2 Nd4+ 37. Ke1 Nxc2+ 38. Qxc2 Qb7 39. Qd3 Rb8 40. Bb3 Qb5 41. Qxb5 Rxb5 42. e4 Kf8 43. Ke2 Ke7 44. Ke3 f6 45. f3 Kd6 46. f4 Rb4 47. Kf3 a4 48. Bg8 h5 49. Bf7 Rb2 50. Ke3 a3 51. Kf3 Ke7 52. Bd5 g5 53. fxg5 fxg5 54. Bg8 Kf6 55. Bd5 Ke5 56. Bc4 g4+ 57. Ke3 Rg2 58. Bf7 Rxg3+ 59. Kf2 Rh3 60. Bd5 h4 61. Kg2 Re3 62. Kf2 Rxe4 0-1

[Event "Nordisk Mesterskab Ungdom U17 2026"]
[Site "Fredericia"]
[Date "2026.02.15"]
[Round "6.7"]
[White "Magnussen, Petur Gardar"]
[Black "Granlien, Aslak Sander"]
[Result "1-0"]
[WhiteElo "1951"]
[BlackElo "1400"]
[WhiteFideId "7203802"]
[EventDate "2026.02.13"]
[EventType "swiss"]
[EventRounds "6"]
[EventCountry "DEN"]
[SourceTitle "Live v. Fredericia Chess Club"]

1. e4 e5 2. Nf3 Nc6 3. Bb5 Bc5 4. c3 a6 5. Ba4 Nf6 6. O-O O-O 7. d4 Ba7 8. Bg5 d6 9. Bxc6 bxc6 10. dxe5 dxe5 11. Qxd8 Rxd8 12. Nxe5 Rd6 13. Bxf6 Rxf6 14. Nd2 Be6 15. Nxc6 Bb6 16. e5 Rh6 17. Nd4 Bd5 18. N2f3 Re8 19. Rfd1 Bb7 20. Re1 Bc5 21. Rad1 a5 22. a3 Rg6 23. Kh1 Bc8 24. b4 axb4 25. cxb4 Ba7 26. Rc1 Bb6 27. a4 Bb7 28. Rg1 Rg4 29. h3 Rxd4 30. Nxd4 Bxd4 31. Rxc7 Rb8 32. Rd1 Bxe5 33. Rxb7 1-0